000 00387 a2200157 4500
001 63865
020 _a853260093X (broch.)
040 _cAnchieta - Pituba
100 _aCandau, Vera Maria
240 1 0 _aA didática em questão
_lpor
245 1 0 _aA didática em questão
300 _a128p.
362 0 _a2003
650 4 _aEducação, pesquisa e tópicos relacionados
942 _cBK
999 _c63865
_d63865